01289nab a22002297a 4500999001500000003000400015005001700019008004100036040000700077100002900084245014200113300001500255500003600270505032500306505014400631650002800775650003300803650001900836650003500855773015600890942001301046 c5764d5764OSt20260105152614.0190514b xxu||||| |||| 00| 0 spa d cPJ 96679aLópez, Marianela10aDeber alimentario tras el cese de la unión convivencial. Aplicación analógica del art. 434 Cód. Civ. y Com. /cMarianela López. ap. 202-208 aCita: TR LALEY AR/DOC/884/2025. aSumario: I. Introducción.— II. El planteo judicial. Su desarrollo.— III. Unión convivencial.— IV. Interpretación integral y armónica de principios constitucionales.— V. Aplicación analógica art. 434 Cód. Civ. y Com.— VI. Juzgar con perspectiva de género.— VII. Costas.— VIII. Conclusión.  tFallo comentado: JDistrito Nro. 3 Familia, Venado Tuerto ~ 02/05/2024 ~ L., E. V. c. I., D. G. s/ medidas cautelares alimentos provisorios. 09967aDERECHO DE FAMILIA 091053aUNIONES CONVIVENCIALES 09968aALIMENTOS 091057aJURISPRUDENCIA APLICABLE0 0284493222dBuenos Aires : AbeledoPerrot, 1989-tDerecho de familia. Revista Interdisciplinaria de doctrina y jurisprudencia. Junio 2025-III.z18511201 2udccANA